A magyar nyelvtudományról a "Voproszi Jazikoznanyija" (A nyelvtudomány kérdései) című szovjet folyóirat 1952. évi 3. számában az alábbi cikk jelent mg K. E. Majtyinszkaja tollából /

Elmentve itt :
Bibliográfiai részletek
Szerző: Majtinskaâ Klara Evgen'evna
Dokumentumtípus: Cikk
Megjelent: 1952
Sorozat:Népszabadság : országos napilap;Szabad Nép
Kulcsszavak:Nyelvtudomány
Tárgyszavak:
Online Access:http://misc.bibl.u-szeged.hu/61024
LEADER 00919nab a2200217 i 4500
001 misc61024
005 20221024145120.0
008 220621s1952 hu o 0|| hun d
040 |a SZTE Miscellanea Repozitórium  |b hun 
041 |a hun 
100 1 |a Majtinskaâ Klara Evgen'evna 
245 1 2 |a A magyar nyelvtudományról   |h [elektronikus dokumentum] :  |b a "Voproszi Jazikoznanyija" (A nyelvtudomány kérdései) című szovjet folyóirat 1952. évi 3. számában az alábbi cikk jelent mg K. E. Majtyinszkaja tollából /  |c  Majtinskaâ Klara Evgen'evna 
260 |c 1952 
300 |a 5. p.  |c 42 cm 
490 0 |a Népszabadság : országos napilap;Szabad Nép 
561 |a Németh Gyula hagyaték 
591 |a NOV 3374 
650 4 |a Bölcsészettudományok 
650 4 |a Nyelvek és irodalom 
695 |a Nyelvtudomány 
856 4 0 |u http://misc.bibl.u-szeged.hu/61024/1/3374_nov_m21.pdf  |z Dokumentum-elérés